00338nam a2200121Ia 4500008004100000041001200041082001100053100001900064245010600083260000600189650000600195700001500201221030s9999 xx 000 0 und d aEnglish a105.23 aJ. P. Tremblay 0aDiscrete Mathematical Structures with Applicaitons to Computer Sciencecby J. P. Tremblay, R. Manohar c0 aB aR. Manohar